000 01638cam a2200373Ia 4500
001 9780203834190
003 BD-DhSAU
005 20151012151723.0
006 a|||||s|||||||||||
007 cr||||
008 120608s2011 nyu sb 001 0 eng d
020 _a9780203834190 (e-book : PDF)
040 _aBD-DhSAU
_cBD-DhSAU
090 _aHM1121
_b.C48 2011
092 _a303.6
_bC541
100 1 _aChirot, Daniel.
245 1 0 _aContentious identities
_h[electronic resource] :
_bethnic, religious, and nationalist conflicts in today's world /
_cDaniel Chirot.
250 _a1st ed.
260 _aNew York :
_bRoutledge,
_c2011.
300 _ax, 67 p.
490 1 _aFraming 21st century social issues
504 _aIncludes bibliographical references (p. 53-54) and index.
505 0 _a1. From family and tribe to modern nation-state -- 2. Majority-minority problems in modern states and nations and strategies for dealing with them -- 3. War or peace? : the range of possible ethnic and other identity conflicts -- 4. Causes of increasing or decreasing conflicts -- 5. Genocides : the extreme cases of ethnic and religious conflicts -- 6. Contemporary dangers and opportunities.
530 _aAlso available in print edition.
538 _aMode of access: World Wide Web.
650 0 _aSocial conflict.
650 0 _aEthnic conflict.
650 0 _aCulture conflict.
650 0 _aGroup identity.
655 7 _aElectronic books.
_2lcsh
776 1 _z9780415892001 (pbk.)
_z9780203834190
830 0 _aFraming 21st century social issues.
856 4 0 _uhttp://www.tandfebooks.com/isbn/9780203834190
999 _c12975
_d12974